| 000 | 01484nam0a2200337 4500 | ||
|---|---|---|---|
| 001 | RU\NLR\bibl\1013465 | ||
| 005 | 20260405120404.0 | ||
| 010 |
_a5-903035-05-1 _91000 |
||
| 021 |
_aRU _b2006-64346 _93217 |
||
| 035 | _a(NLR Aleph) 001001077 | ||
| 090 |
_a579055 _c579055 |
||
| 100 | _a20061124d2006 |||y0rusy50 ca | ||
| 101 | 0 | _arus | |
| 102 | _aRU | ||
| 105 | _aa ||||||||| | ||
| 200 | 1 |
_aМарсианская одиссея _fБорис Адамович, Ахмед-Гири Дербичев, Владимир Дудов |
|
| 210 |
_aМосква _cАвиамир _d2006 |
||
| 215 |
_a303 с. _cил., цв. ил., портр. _d25 |
||
| 300 | _a100-летию со дня рождения знаменитого деят. науки, основоположника практ. космонавтики, акад. Сергея Павловича Королева посвящается | ||
| 320 | _aБиблиогр.: с. 302-303 (43 назв.) | ||
| 607 |
_aМарс, планета _92099334 _3RU\NLR\auth\661269856 |
||
| 686 | _aВ654.14 | ||
| 700 | 1 |
_aАдамович _bБ. А. _gБорис Андреевич _4070 |
|
| 701 | 1 |
_4070 _8rus _7ca _aДербичев _bА.-Г. Б. _gАхмед-Гири Баматгиреевич _3RU\NLR\auth\7746593 _929528 |
|
| 701 | 1 |
_aДудов _bВ. И. _gВладимир Ильич _4070 |
|
| 801 | 0 |
_aRU _bNLR _c20061124 _grcr |
|
| 801 | 1 |
_aRU _bNLR _c20061124 |
|
| 830 | _aАвт. по кн | ||
| 942 | _cBOOK | ||
| 980 | _aNB | ||